10 Biggest Cities in Order: Hawaii - Statistics

General Stats
  • This quiz has been taken 70 times
  • The average score is 3 of 10
Answer Stats
# Answer % Correct
1 Honolulu
100%
4 Hilo
42%
3 Pearl City
31%
2 East Honolulu
29%
5 Kailua
16%
6 Waipahu
11%
7 Kaneohe
9%
10 Ewa Gentry
7%
9 Kahului
7%
8 Mililani Town
5%
No matching quizzes found
Score Distribution
Percent of People with Each Score
Percentile by Number Answered
Your Score History
You have not taken this quiz